Sinh học và sinh thái của các loài thú móng guốc ở Việt Nam

সংরক্ষণ করুন:
গ্রন্থ-পঞ্জীর বিবরন
প্রধান লেখক: Đặng Huy Huỳnh
বিন্যাস: গ্রন্থ
ভাষা:Undetermined
প্রকাশিত: Hà Nội KHKT 1986
বিষয়গুলি:
ট্যাগগুলো: ট্যাগ যুক্ত করুন
কোনো ট্যাগ নেই, প্রথমজন হিসাবে ট্যাগ করুন!
Thư viện lưu trữ: Trung tâm Học liệu Trường Đại học Cần Thơ
LEADER 00560nam a2200181Ia 4500
001 CTU_9364
008 210402s9999 xx 000 0 und d
082 |a 599.735 
082 |b H531 
100 |a Đặng Huy Huỳnh 
245 0 |a Sinh học và sinh thái của các loài thú móng guốc ở Việt Nam 
245 0 |c Đặng Huy Huỳnh 
260 |a Hà Nội 
260 |b KHKT 
260 |c 1986 
650 |a animal ecology,carnivora,ruminantia 
904 |i Minh, 960927 
980 |a Trung tâm Học liệu Trường Đại học Cần Thơ